| 000 | 00694nam a2200241 4500 | ||
|---|---|---|---|
| 003 | LK-CoMWRAF | ||
| 005 | 20231013151221.0 | ||
| 008 | 231007b2009 |||||||| |||| 00| 0 eng d | ||
| 020 | _a9781846042270 | ||
| 040 |
_aLK-CoMWRAF _dLK-CoMWRAF _eLK-CoMWRAF |
||
| 041 | _aeng | ||
| 082 |
_a158.1 _bCHO |
||
| 100 | _aChopra, Deepak | ||
| 245 |
_aReinventing the body, resurrecting the soul: _bhow to create a new you |
||
| 260 |
_aLondon: _bRider, _c2010 |
||
| 300 |
_a287 p. ; 25 cm. _bIndex included |
||
| 650 | _aMIND AND BODY | ||
| 650 | _aMedicine and psychology. | ||
| 650 | _aTranscendental Meditation | ||
| 650 | _aSelf-realization | ||
| 650 | _a Self-help techniques | ||
| 942 | _cBK | ||
| 999 |
_c3809 _d3809 |
||